Statistics for French Grand Prix Winners (Formula 1)

Click here to take the quiz!

General Stats

  • This quiz has been taken 336 times
  • The average score is 44 of 58

Answer Stats

YearCityWinner% Correct
1983Paul RicardAlain Prost
100%
1981DijonAlain Prost
100%
1988Paul RicardAlain Prost
100%
1989Paul RicardAlain Prost
100%
1990Paul RicardAlain Prost
100%
1993Magny CoursAlain Prost
100%
2001Magny CoursMichael Schumacher
96%
1995Magny CoursMichael Schumacher
96%
1997Magny CoursMichael Schumacher
96%
1998Magny CoursMichael Schumacher
96%
1994Magny CoursMichael Schumacher
96%
2002Magny CoursMichael Schumacher
96%
2004Magny CoursMichael Schumacher
96%
2006Magny CoursMichael Schumacher
96%
2003Magny CoursRalf Schumacher
95%
2005Magny CoursFernando Alonso
92%
1996Magny CoursDamon Hill
91%
1951ReimsJuan Manuel Fangio
90%
1954ReimsJuan Manuel Fangio
90%
1950ReimsJuan Manuel Fangio
90%
1957Rouen-les-EssartsJuan Manuel Fangio
90%
1975Paul RicardNiki Lauda
89%
1984DijonNiki Lauda
89%
1992Magny CoursNigel Mansell
88%
1987Paul RicardNigel Mansell
88%
1986Paul RicardNigel Mansell
88%
1991Magny CoursNigel Mansell
88%
2007Magny CoursKimi Raikkonen
87%
1971Paul RicardJackie Stewart
86%
1972CharadeJackie Stewart
86%
1969CharadeJackie Stewart
86%
1952Rouen-les-EssartsAntonio Ascari
84%
1976Paul RicardJames Hunt
83%
2008Magny CoursFelipe Massa
81%
2000Magny CoursDavid Coulthard
80%
1985Paul RicardNelson Piquet
79%
1965CharadeJim Clark
76%
1963ReimsJim Clark
76%
1980Paul RicardAlan Jones
70%
1960ReimsJack Brabham
70%
1967Le MansJack Brabham
70%
1966ReimsJack Brabham
70%
1977DijonMario Andretti
69%
1978Paul RicardMario Andretti
69%
1953ReimsMike Hawthorn
63%
1958ReimsMike Hawthorn
63%
1970CharadeJochen Rindt
59%
1999Magny CoursHeinz Harald Frentzen
57%
1982Paul RicardRene Arnoux
57%
1974DijonRonnie Peterson
46%
1973Paul RicardRonnie Peterson
46%
1968Rouen-les-EssartsJacky Ickx
40%
1979DijonJean-Pierre Jabouille
33%
1959ReimsTony Brooks
32%
1956ReimsPeter Collins
26%
1962Rouen-les-EssartsDan Gurney
22%
1964Rouen-les-EssartsDan Gurney
22%
1961ReimsGiancarlo Baghetti
14%

Score Distribution

Percentile by Number Answered

Percent of People with Each Score

Your Score History

You have not taken this quiz